000 00691cam a22002291 4500
001 000010767
005 20200929162305.0
008 890124s1972 sp a b 000 0 spa
010 _a73346813
015 _aSp73-Mar
020 _a8428303355
035 _a(OCoLC)19056420
040 _aDO-SdBNP
_cNBPu
_dNBPu
_dDLC
042 _apremarc
050 0 0 _aHF5686.P94
_bM35
100 2 _aMangada Sanz, Alfonso.
_925984
245 1 0 _aCalculo editorial. :
_bFundamentos economicos de la edicion.
260 _aMadrid, :
_bParaninfo,
_cc1972.
300 _a580 p. :
_bfold. l., illus. ;
_c25 cm.
504 _aBibliography: p. 556-574.
650 0 _aPublishers and publishing
_xAccounting.
_925985
999 _c10521
_d10521